| 000 | 01761cab a22003015a 4500 | ||
|---|---|---|---|
| 001 | L142948 | ||
| 008 | 080325s2008 xxk f 000 0 eng d | ||
| 035 | _a(Sirsi) u142948 | ||
| 041 | 0 | _aeng | |
| 100 | 1 | _aSalmon, Kenneth T. | |
| 245 | 0 | 4 |
_aThe enforcement of adjudicator's awards under the Housing Grants Construction and Regeneration Act 1996 _part 26 |
| 260 | _c2008 | ||
| 490 | 0 |
_aArbitration _v74(1) February 2008, 87-94(8) |
|
| 520 | _aExamines the enforcement of adjudicator's awards under the provisions of the Housing Grants, Construction and Regeneration Act 1996. Covers the following topics with reference to recent case law: construction contract - terms in writing; construction operations; more than one dispute; effect of enforcement proceedings in later proceedings; jurisdiction - ad hoc submission; stay of proceedings to adjudication; and withholding payment after termination. | ||
| 590 | _aKA | ||
| 650 | 2 | 4 | _aHOUSING GRANTS, CONSTRUCTION AND REGENERATION ACT 1996 |
| 650 | 2 | 4 | _aMAST ELECTRICAL SERVICES V KENDALL CROSS HOLDINGS LTD |
| 650 | 2 | 4 | _aNORWEST HOLST LTD V DANIELI DAVY DISTINGTON |
| 650 | 2 | 4 | _aBOTHMA V MAYHAVEN HEALTHCARE LTD |
| 650 | 2 | 4 | _aMICHAEL JOHN CONSTRUCTION LTD V ST PETER'S RUGBY FOOTBALL CLUB |
| 650 | 2 | 4 | _aRC PILLAR AND SON V THE CAMBER |
| 650 | 2 | 4 | _aDGT STEEL AND CLADDING LTD V CUBITT BUILDING AND INTERIORS LTD |
| 650 | 2 | 4 | _aPIERCE DESIGN INTERNATIONAL LTD V JOHNSTON AND ANOTHER |
| 651 | 4 |
_aEngland and Wales _y1543- |
|
| 690 | _aMANAGEMENT-DISPUTE AVOIDANCE, MANAGEMENT AND RESOLUTION-DISPUTE MANAGEMENT AND RESOLUTION-ALTERNATIVE DISPUTE RESOLUTION-ADJUDICATION-ADJUDICATION AWARDS | ||
| 690 | _aBUILT ENVIRONMENT-CONSTRUCTION MANAGEMENT-BUILDING CONTRACT ADMINISTRATION | ||
| 942 | _n0 | ||
| 999 |
_c79985 _d79985 |
||